00679nam a2200229Ia 4500003000900000008004100009040001300050040001300063041000800076100002100084245005000105250001200155260001200167260000900179300001100188300001200199490002500211490000700236942000700243999001700250952018200267IT-RoPAU120407s9999 xx 000 0 und d aIT-RoPAU cIT-RoPAU aita aJoseph Ratzinger a"San Bonaventura . La teologia della storia." aFirenze aNardini c1991 a352 p. c20,5 cm aBiblioteca medievale v12 cBK c33234d33234 00102ddc406922_21200000000000071aPAULUSbPAULUSd2012-04-11l0o922.212r2012-04-11 00:00:00w2012-04-11yBKzInserito da: In data: n.d. fondo: Via A.Severo 56 Progr:31817